| 000 | 00462nam a22001577a 4500 | ||
|---|---|---|---|
| 008 | 200205b xxu||||| |||| 00| 0 eng d | ||
| 020 | _a9789937710404 | ||
| 082 | _a610.73/A14c | ||
| 100 | _aAwasthi, Mamata Sherpa | ||
| 245 |
_aComprehensive textbook of midwifery & gynaecological nursing _bPart-II |
||
| 260 |
_aKathmandu: _bSamiksha Publication, _c2019 A.D. |
||
| 300 | _a400p.;ill. | ||
| 650 | _aNursing | ||
| 650 | _aPractical nurses | ||
| 942 |
_2ddc _cISBN |
||
| 999 |
_c92595 _d92584 |
||